Νοήματα από την ελληνική οικογένεια
Αποθηκεύτηκε σε:
| Κύριος συγγραφέας: | |
|---|---|
| Μορφή: | Βιβλίο |
| Γλώσσα: | Greek |
| Δημοσίευση: |
Αθήνα :
[χ.ό.],
1975
|
| Θέματα: | |
| Ετικέτες: |
Προσθήκη ετικέτας
Δεν υπάρχουν, Καταχωρήστε ετικέτα πρώτοι!
|
MARC
| LEADER | 00000cam a2200000 i 4500 | ||
|---|---|---|---|
| 001 | 1/97674 | ||
| 008 | 081120s1975 gre d | ||
| 035 | |l 10101807 | ||
| 040 | |a GR-MY-UA |b gre |e aacr | ||
| 041 | 0 | |a gre | |
| 082 | 0 | |a 889.134 |2 (22) | |
| 100 | 1 | |a Αντωνόπουλος, Κοσμάς. | |
| 245 | 1 | 0 | |a Νοήματα από την ελληνική οικογένεια / |c Κοσμά Εμμ. Αντωνόπουλου |
| 260 | |a Αθήνα : |b [χ.ό.], |c 1975 | ||
| 300 | |a 149 σ.; |c 24 εκ. | ||
| 650 | 0 | 0 | |a Family |z Greece. |
| 650 | 0 | 0 | |a Greek poetry, Modern |y 20th century. |
| 852 | |a INST |b RHODES |c AKA |e 20081120 |h 889.134 ΑΝΤ |p 005400031377 |q 005400031377 |t BK |y 0 | ||
| 901 | |a BIBL4-2008-3 | ||
| 909 | |a Ρ |b 153689 | ||
| 970 | |a ΧΑΡΙΟΠΟΛΙΤΟΥ |b ΚΩΝΣΤΑΝΤΙΝΑ |z 2008/11/20 | ||